[Event "Baltic Sea Cup"]
[Site "Ronne"]
[Date "2007.08.01"]
[Round "4.34"]
[White "Ostergaard, Jens"]
[Black "Berg, Peter"]
[Result "1-0"]
[WhiteElo "2256"]
[BlackElo "1966"]
[PlyCount "65"]
[EventDate "2007.07.30"]
[EventType "swiss"]
[EventRounds "9"]
[EventCountry "DEN"]
[SourceTitle "EXT 2023"]
[Source "ChessBase"]
[SourceDate "2022.10.05"]
[SourceVersion "1"]
[SourceVersionDate "2022.10.05"]
[SourceQuality "1"]

1. d4 d5 2. Nf3 Nf6 3. c4 c6 4. Nc3 dxc4 5. a4 Bf5 6. e3 e6 7. Bxc4 Bb4 8. 0-0 0-0 9. Nh4 Bg4 10. f3 Bh5 11. g4 Nd5 12. Ng2 Bg6 13. Qb3 Qe7 14. e4 Nb6 15. Be2 a5 16. Na2 Na6 17. Bxa6 Rxa6 18. Nxb4 axb4 19. Qc2 e5 20. Be3 Nd5 21. Bf2 Rfa8 22. dxe5 Qxe5 23. Qd2 Nb6 24. b3 Qe7 25. Rfd1 f6 26. Rac1 Bf7 27. Bc5 Qe6 28. a5 Nc8 29. Qxb4 Rxa5 30. Rd8+ Be8 31. Ne1 Qe5 32. Qc4+ Kh8 33. Qf7 1-0

[Event "North Sea Cup 22nd"]
[Site "Esbjerg"]
[Date "2007.07.19"]
[Round "9"]
[White "Weindl, Alfred"]
[Black "Berg, Peter"]
[Result "0-1"]
[WhiteElo "2361"]
[BlackElo "1966"]
[PlyCount "120"]
[EventDate "2007.07.13"]
[EventType "swiss"]
[EventRounds "10"]
[EventCountry "DEN"]
[SourceTitle "CBM 119 Extra"]
[Source "ChessBase"]
[SourceDate "2007.09.04"]
[SourceVersion "1"]
[SourceVersionDate "2007.09.04"]
[SourceQuality "1"]

1. Nf3 d5 2. g3 Nf6 3. Bg2 c6 4. 0-0 Bg4 5. c4 e6 6. b3 Nbd7 7. Bb2 Be7 8. d3 0-0 9. Nbd2 Re8 10. Rc1 Bf8 11. h3 Bh5 12. d4 h6 13. Ne5 Nxe5 14. dxe5 Nd7 15. f4 Rc8 16. Kh1 Bc5 17. g4 Bxg4 18. cxd5 cxd5 19. Rxc5 Nxc5 20. hxg4 Qh4+ 21. Kg1 Qxg4 22. Bd4 b6 23. Qe1 Ne4 24. Nxe4 dxe4 25. Qd1 Rc7 26. e3 Qg6 27. Qb1 Rec8 28. Qxe4 Qg3 29. Qf3 Qg6 30. Qe4 Qg3 31. Qf3 Qg6 32. Kh1 Rc2 33. a4 Rc1 34. Rxc1 Rxc1+ 35. Kh2 Rc2 36. Kh1 Rc1+ 37. Kh2 Rc2 38. e4 h5 39. Kg1 Rc1+ 40. Kf2 Rc2+ 41. Kf1 Rc1+ 42. Kf2 Rc2+ 43. Kg1 Rc1+ 44. Kh2 Rc2 45. b4 Ra2 46. a5 bxa5 47. bxa5 Rxa5 48. Qf2 h4 49. f5 Qg4 50. Bh3 Qg3+ 51. Qxg3 hxg3+ 52. Kxg3 Ra6 53. Bc5 exf5 54. exf5 Ra5 55. Bd6 Rd5 56. Bf1 a5 57. Kf4 Rd1 58. Bc4 Rd4+ 59. Ke3 Rxc4 60. Kd3 Rc6 0-1

[Event "North Sea Cup 22nd"]
[Site "Esbjerg"]
[Date "2007.07.18"]
[Round "8"]
[White "Berg, Peter"]
[Black "Hoiberg, Erling"]
[Result "1-0"]
[WhiteElo "1966"]
[BlackElo "2152"]
[PlyCount "117"]
[EventDate "2007.07.13"]
[EventType "swiss"]
[EventRounds "10"]
[EventCountry "DEN"]
[SourceTitle "CBM 119 Extra"]
[Source "ChessBase"]
[SourceDate "2007.09.04"]
[SourceVersion "1"]
[SourceVersionDate "2007.09.04"]
[SourceQuality "1"]

1. d4 Nf6 2. Nf3 d6 3. Nc3 Bf5 4. Nh4 Bg6 5. Nxg6 hxg6 6. e4 Nbd7 7. Be3 e5 8. Be2 c6 9. Qd2 Be7 10. f3 Qc7 11. a4 exd4 12. Bxd4 Ne5 13. Bf2 a5 14. g4 Rh3 15. Bg3 Rd8 16. Qe3 Kf8 17. Kf2 g5 18. Kg2 Rh6 19. h4 gxh4 20. Bxh4 Ng8 21. Bg3 Rxh1 22. Rxh1 f6 23. f4 Nf7 24. f5 Qd7 25. Bf4 d5 26. exd5 cxd5 27. Nb5 d4 28. Qb3 Bc5 29. Nc7 d3 30. Ne6+ Ke7 31. cxd3 Qd5+ 32. Qxd5 Rxd5 33. Bf3 Rd4 34. Kg3 g5 35. Bb8 Bd6+ 36. Bxd6+ Rxd6 37. d4 Rb6 38. Rh2 Rb4 39. Re2 Kd6 40. Nc5 Rxd4 41. Nxb7+ Kd7 42. Re6 Ne5 43. Nc5+ Kd8 44. Rxe5 fxe5 45. Ne6+ Kd7 46. Nxd4 exd4 47. Kf2 Kd6 48. Ke2 Kc5 49. Kd3 Nf6 50. b3 Nh7 51. Ke4 Nf6+ 52. Ke5 Nd7+ 53. Ke6 Nf8+ 54. Ke7 Nh7 55. Kf7 d3 56. Kg7 Kd4 57. Kxh7 Ke3 58. f6 Kxf3 59. f7 1-0

[Event "Budapest FS07 FM-B"]
[Site "Budapest"]
[Date "2003.07.13"]
[Round "9"]
[White "Schuetz, Peter"]
[Black "Berg, Peter"]
[Result "1-0"]
[WhiteElo "1974"]
[BlackElo "2043"]
[PlyCount "97"]
[EventDate "2003.06.07"]
[EventType "tourn"]
[EventRounds "11"]
[EventCountry "HUN"]
[SourceTitle "EXT 2004"]
[Source "ChessBase"]
[SourceDate "2003.11.25"]
[SourceVersion "1"]
[SourceVersionDate "2003.11.25"]
[SourceQuality "1"]

1. e4 c5 2. Nc3 Nc6 3. f4 e6 4. Nf3 d5 5. Bb5 Nf6 6. Ne5 Qc7 7. Qe2 Be7 8. d3 0-0 9. Bxc6 bxc6 10. 0-0 Ba6 11. b3 Nd7 12. Nf3 c4 13. bxc4 dxc4 14. d4 Nb6 15. a4 Rad8 16. Ba3 Bxa3 17. Rxa3 Qe7 18. Raa1 c5 19. Ne5 Qd6 20. dxc5 Qxc5+ 21. Qf2 Qxf2+ 22. Kxf2 f6 23. Nc6 Rd7 24. a5 Nc8 25. Nb8 Rd6 26. Nxa6 Rxa6 27. Rfd1 Rd6 28. Rxd6 Nxd6 29. Ke3 Rb8 30. Nd1 Rc8 31. Nc3 Rd8 32. Ra4 Nb7 33. a6 Nc5 34. Ra5 Rc8 35. Nb5 Rc6 36. Nxa7 Rxa6 37. Rxa6 Nxa6 38. Kd4 Nc7 39. Kxc4 f5 40. exf5 exf5 41. Kd4 Kf7 42. Nc6 g6 43. c4 Ne8 44. Na7 Ke7 45. Nc8+ Kd7 46. Nb6+ Kc6 47. Nd5 Nd6 48. g3 Nb7 49. Ke5 1-0

[Event "Budapest FS07 FM-B"]
[Site "Budapest"]
[Date "2003.07.09"]
[Round "5"]
[White "Berg, Peter"]
[Black "Izso, Daniel"]
[Result "1-0"]
[WhiteElo "2043"]
[BlackElo "2026"]
[PlyCount "67"]
[EventDate "2003.06.07"]
[EventType "tourn"]
[EventRounds "11"]
[EventCountry "HUN"]
[SourceTitle "EXT 2004"]
[Source "ChessBase"]
[SourceDate "2003.11.25"]
[SourceVersion "1"]
[SourceVersionDate "2003.11.25"]
[SourceQuality "1"]

1. d4 d5 2. Nf3 Bf5 3. c4 e6 4. Qb3 b6 5. e3 Nf6 6. Nc3 Be7 7. cxd5 exd5 8. Ne5 0-0 9. Be2 c5 10. 0-0 c4 11. Qd1 a6 12. a4 Bb4 13. Bd2 Bxc3 14. Bxc3 Ne4 15. Bb4 Re8 16. f3 Nd6 17. e4 dxe4 18. fxe4 Bxe4 19. Bxd6 Qxd6 20. Bxc4 Bd5 21. Nxf7 Qe6 22. Bxd5 Qxd5 23. Qg4 Nc6 24. Rf4 b5 25. Raf1 bxa4 26. Kh1 Ne7 27. Nh6+ Kh8 28. Nf7+ Kg8 29. Ng5 Ng6 30. Rf5 Qd6 31. h4 Ne7 32. Rf7 Rf8 33. Rxg7+ Kxg7 34. Ne6+ 1-0

[Event "Budapest FS07 FM-B"]
[Site "Budapest"]
[Date "2003.07.08"]
[Round "4"]
[White "Gremeda, Nuri Milad"]
[Black "Berg, Peter"]
[Result "1-0"]
[WhiteElo "2035"]
[BlackElo "2043"]
[PlyCount "177"]
[EventDate "2003.06.07"]
[EventType "tourn"]
[EventRounds "11"]
[EventCountry "HUN"]
[SourceTitle "EXT 2004"]
[Source "ChessBase"]
[SourceDate "2003.11.25"]
[SourceVersion "1"]
[SourceVersionDate "2003.11.25"]
[SourceQuality "1"]

1. d4 d5 2. Nf3 Nf6 3. Bf4 c6 4. e3 Bf5 5. Be2 h6 6. 0-0 e6 7. Nbd2 Nbd7 8. c4 Be7 9. Qb3 Qb6 10. c5 Qxb3 11. Nxb3 Ne4 12. h3 Bd8 13. Rfc1 0-0 14. Ne1 Re8 15. Nd3 Rc8 16. f3 Nef6 17. Ne5 Bc7 18. Nxd7 Nxd7 19. Bxc7 Rxc7 20. Kf2 e5 21. Rc3 Nf6 22. Na5 exd4 23. exd4 Rce7 24. Bf1 g5 25. g4 Bc8 26. Rcc1 Nd7 27. Re1 Nf8 28. Rxe7 Rxe7 29. Bd3 Kg7 30. Re1 Rxe1 31. Kxe1 Kf6 32. Kf2 Ng6 33. Bxg6 Kxg6 34. Kg3 f5 35. f4 Kf6 36. b4 a6 37. Nb3 fxg4 38. hxg4 gxf4+ 39. Kxf4 Be6 40. Nd2 Bc8 41. Nf3 Be6 42. Ne5 Bc8 43. Kg3 Be6 44. Kh4 Bc8 45. Kh5 Kg7 46. g5 hxg5 47. Kxg5 Be6 48. Ng4 Bxg4 49. Kxg4 Kg6 50. Kf4 Kf6 51. a3 Kg6 52. Ke5 Kg5 53. Kd6 Kf4 54. Kc7 Ke4 55. Kxb7 Kxd4 56. Kxc6 Ke4 57. Kb6 d4 58. c6 d3 59. c7 d2 60. c8Q d1Q 61. Qxa6 Qd6+ 62. Ka7 Qd4+ 63. Qb6 Qc3 64. a4 Kd5 65. a5 Qh8 66. b5 Kc4 67. a6 Qg7+ 68. Qb7 Qd4+ 69. b6 Kb5 70. Qc7 Ka5 71. Kb7 Qe4+ 72. Qc6 Qe7+ 73. Kb8 Qd8+ 74. Ka7 Qd4 75. Qe6 Qg1 76. Qd5+ Kb4 77. Kb7 Qg7+ 78. Kc8 Qf8+ 79. Kc7 Qe7+ 80. Qd7 Qc5+ 81. Kb7 Ka5 82. Qe6 Qf8 83. Qd5+ Kb4 84. a7 Qe7+ 85. Kc6 Qe8+ 86. Qd7 Qa8+ 87. Kd6 Qf8+ 88. Qe7 Qf4+ 89. Kd7+ 1-0

[Event "Budapest FS07 FM-B"]
[Site "Budapest"]
[Date "2003.07.06"]
[Round "2"]
[White "Honsch, Pal"]
[Black "Berg, Peter"]
[Result "1/2-1/2"]
[WhiteElo "2052"]
[BlackElo "2043"]
[PlyCount "112"]
[EventDate "2003.06.07"]
[EventType "tourn"]
[EventRounds "11"]
[EventCountry "HUN"]
[SourceTitle "EXT 2004"]
[Source "ChessBase"]
[SourceDate "2003.11.25"]
[SourceVersion "1"]
[SourceVersionDate "2003.11.25"]
[SourceQuality "1"]

1. d4 d6 2. c4 e5 3. Nf3 e4 4. Ng5 f5 5. Nc3 c6 6. Qb3 Be7 7. Nh3 Nf6 8. Bg5 0-0 9. Nf4 Na6 10. e3 Nc7 11. 0-0-0 Ng4 12. Bxe7 Qxe7 13. Rd2 Kh8 14. h3 Nf6 15. h4 Ne6 16. Nce2 Rb8 17. Nxe6 Bxe6 18. d5 cxd5 19. cxd5 Rfc8+ 20. Kb1 Bf7 21. Nf4 Qe5 22. Be2 Rc6 23. Rd4 Rbc8 24. Qxb7 Bxd5 25. Nxd5 Nxd5 26. Rhd1 Nc3+ 27. bxc3 Rb6+ 28. Qxb6 axb6 29. Rxd6 h6 30. Rd8+ Rxd8 31. Rxd8+ Kh7 32. Kb2 Qe7 33. Rd5 f4 34. h5 Qh4 35. Kb3 Qxf2 36. Bc4 g5 37. hxg6+ Kxg6 38. Rd6+ Kg5 39. exf4+ Qxf4 40. Rxb6 e3 41. a4 Qf2 42. Re6 Qe1 43. a5 Qb1+ 44. Ka4 Qc2+ 45. Kb4 Qb2+ 46. Bb3 e2 47. a6 Qa1 48. Rxe2 Qxa6 49. c4 Qb6+ 50. Kc3 Qa5+ 51. Kb2 Kf4 52. Rc2 Qc5 53. Rd2 Qe5+ 54. Kc2 Qe4+ 55. Kb2 Qe5+ 56. Kc2 Qe4+ 1/2-1/2